000 00303nam a22001337a 4500
008 260313b ||||| |||| 00| 0 eng d
020 _a0000100278
041 _aeng
080 _a11.1
100 _a20.1
101 _angjarje
245 _aIkja nga Kompleksi i Rozafës
_cArtan Fuga
942 _2udc
_cBK
999 _c60895
_d60895